000 00483nam a2200181Ia 4500
001 1617
005 20260306143741.0
008 260306t2005||||xx |||||||||||||| ||spa||
041 _aESP
082 _a153.4
_bL88
100 _aLópez Ramírez, Ernesto Octavio
_eAUT
245 0 _aEl enfoque cognitivo de la memoria humana:
_bTécnicas de investigación
260 _c2005
300 _a136 páginas :
_c24 x 18 cm.
650 _aGEN
654 _aCPS
942 _cLIB
_dJUS
_fJUS
_2ddc
_n
999 _c1617
_d1617